[Event "13th EICC"]
[Site "Plovdiv BUL"]
[Date "2012.03.31"]
[Round "11.13"]
[White "Berkes,F"]
[Black "Ivanisevic,I"]
[Result "1/2-1/2"]
[WhiteElo "2682"]
[BlackElo "2645"]

1.Nf3 d5 2.g3 Nc6 3.d4 Bg4 4.Bg2 e6 5.O-O Bd6 6.c4 Nf6 7.cxd5 Nxd5 8.Nbd2 O-O
9.Nc4 f5 10.Nfe5 Bxe5 11.Nxe5 Nxe5 12.dxe5 Qe7 13.Bxd5 Rad8 14.Bg5 Qxg5 15.Bxe6+ Kh8
16.Qb3 Bxe2 17.Rfe1 Qh5 18.Bc4 Bf3 19.e6 Rf6 20.Bf1 f4 21.e7 Re8 22.Rac1 Rh6
23.h3 Bd5 24.Qd1 Qg5 25.Bg2 Bxg2 26.Qd8 Qh5 27.Rc5 Qf7 28.Rf5 Rf6 29.Rxf6 gxf6
30.Kxg2 fxg3 31.fxg3 c6 32.Kh2 Kg7 33.h4 Qg6 34.Qd7 h5 35.b4 Kf7 36.Qe6+ Kg7
37.Qd7 Kf7 38.Kh3 Kg7 39.a4 Kf7 40.a5 Kg7 41.Re2 Kf7 42.Qe6+ Kg7 43.Qd7 Kf7
44.Kh2 Qg4 45.Qd3 Kg7 46.Re4 Qf5 47.Qe2 Kf7 48.Re3 Qd5 49.Qc2 Kg7 50.Re2 Qf3
51.Qc4 Qf5 52.a6 bxa6 53.Qxc6 Qb5 54.Qf3 Qxb4 55.Re6 Qd2+ 56.Kh3 Qh6 57.Re4 Qc1
58.g4 Qc8 59.Kg2 Qc2+ 60.Kh3 Qc8 61.Kg2 Qc2+ 62.Kh3  1/2-1/2

[Event "13th EICC"]
[Site "Plovdiv BUL"]
[Date "2012.03.31"]
[Round "11.36"]
[White "Saric,Iv"]
[Black "Lintchevski,D"]
[Result "0-1"]
[WhiteElo "2649"]
[BlackElo "2564"]

1.Nf3 d5 2.g3 Bg4 3.Bg2 c6 4.d3 Nd7 5.O-O Ngf6 6.h3 Bxf3 7.Bxf3 e5 8.c4 dxc4
9.dxc4 Bc5 10.Nc3 Qe7 11.Bg2 O-O 12.Qc2 Rfd8 13.Na4 Bd6 14.a3 a5 15.Be3 Nc5
16.Rad1 Nxa4 17.Qxa4 Nd7 18.Qc2 Bc5 19.Bxc5 Nxc5 20.b4 Ne6 21.Qb2 axb4 22.axb4 g6
23.e3 Ra4 24.c5 Rxd1 25.Rxd1 Nc7 26.Qb3 Ra8 27.Qd3 Na6 28.Qd2 Nc7 29.h4 Ne6
30.Qd7 Kf8 31.Bf1 Rd8 32.Qxe7+ Kxe7 33.Ra1 Rd2 34.Ra7 Nd8 35.b5 Rb2 36.bxc6 Nxc6
37.Bc4 Nxa7  0-1

[Event "13th EICC"]
[Site "Plovdiv BUL"]
[Date "2012.03.31"]
[Round "11.32"]
[White "Ruck,R1"]
[Black "Postny,E"]
[Result "1/2-1/2"]
[WhiteElo "2579"]
[BlackElo "2662"]

1.Nf3 d5 2.g3 Bg4 3.Bg2 Nd7 4.c4 e6 5.cxd5 exd5 6.O-O Ngf6 7.d3 Bc5 8.Nc3 O-O
9.Qb3 Nb6 10.Bg5 Be7 11.e4 dxe4 12.dxe4 Nfd7 13.Be3 Nc5 14.Qc2 Qd3 15.Rac1 c6
16.Ne5 Qxc2 17.Rxc2 Be6 18.Nd5 cxd5 19.Bxc5 Rac8 20.Rfc1 Bxc5 21.Rxc5 dxe4
22.Bxe4 Rxc5 23.Rxc5 f6 24.Nd3 Bxa2 25.Nb4 Be6 26.Bxb7 Rd8 27.h4 Rd4 28.Nc2 Rd2
29.b4 Bd5 30.Bxd5+ Rxd5 31.Rc7 Rd7 32.Rc5 Kf7 33.Ne3 Ke6 34.Kg2 Nd5 35.Nxd5 Rxd5
36.Rc6+ Rd6 37.Rc5 Rd5 38.Rc6+ Rd6 39.Rc5 Rd5 40.Rc6+ Rd6  1/2-1/2

[Event "13th EICC"]
[Site "Plovdiv BUL"]
[Date "2012.03.31"]
[Round "11.160"]
[White "Levine,Y"]
[Black "Cherednichenko,E"]
[Result "1/2-1/2"]
[WhiteElo "2016"]
[BlackElo "2130"]

1.g3 d5 2.Nf3 Nf6 3.Bg2 Bf5 4.c4 c6 5.cxd5 cxd5 6.Qb3 Qc8 7.Nc3 e6 8.d3 Nc6
9.Bf4 Bb4 10.O-O Bxc3 11.bxc3 O-O 12.Rfc1 Bg4 13.Rab1 b6 14.Qd1 Qa6 15.Ne5 Nxe5
16.Bxe5 Rac8 17.Qd2 Ne8 18.Rb4 f6 19.Rxg4 fxe5 20.Rg5 e4 21.dxe4 dxe4 22.Bxe4 Nf6
23.Bf3 Rcd8 24.Qb2 Qc4 25.Qb3 Rc8 26.Re5 Qxb3 27.axb3 Kf7 28.Ra1 Rc7 29.c4 a5
30.Rb5 Nd7 31.Rd1 Ke7 32.Rd3 Rc5 33.Rxd7+ Kxd7 34.Rxb6 Rfc8 35.Rb7+ R8c7
36.Rb8 Rc8 37.Rb7+ R8c7 38.Rb8 Rc8 39.Rb7+ R8c7 40.Rb8 Rc8 41.Rb7+  1/2-1/2

[Event "European Senior Teams 2012"]
[Site "Rogaska Slatina SLO"]
[Date "2012.03.31"]
[Round "5.4"]
[White "Clemens,C"]
[Black "Miednikova,S"]
[Result "1/2-1/2"]
[WhiteElo "2302"]
[BlackElo "2183"]

1.g3 d5 2.Nf3 e6 3.Bg2 f5 4.O-O Nf6 5.b3 Bd6 6.Bb2 O-O 7.c4 c6 8.d3 Qe7 9.Nc3 e5
10.cxd5 Nxd5 11.e4 Nxc3 12.Bxc3 f4 13.h3 c5 14.a3 Nc6 15.b4 cxb4 16.axb4 Bxb4
17.Nxe5 Bxc3 18.Qb3+ Qe6 19.Qxc3 Qxe5 20.Qxe5 Nxe5 21.d4 Nc6 22.d5 f3 23.Bxf3 Rxf3
24.dxc6 bxc6 25.Kg2 Rd3 26.Ra5 Bb7 27.Rb1 Rd7 28.Kf3 a6 29.Ke3 Rad8 30.Rb3 Rc7
31.Rc5 Rd1 32.f4 Re1+ 33.Kf3 Re7 34.e5 Rd1 35.Ke4 Rd5 36.Rxd5 cxd5+ 37.Kd4 Rc7
38.e6 Kf8 39.Ke5 Ke7 40.f5 Ba8 41.Rb8 d4 42.Rxa8 d3 43.Rxa6 d2 44.Ra1 Rc5+
45.Ke4 Rc1 46.Ra7+ Ke8 47.Ra8+  1/2-1/2

[Event "European Senior Teams 2012"]
[Site "Rogaska Slatina SLO"]
[Date "2012.03.31"]
[Round "5.18"]
[White "Bergersen,Per A."]
[Black "Auvinen,E"]
[Result "1/2-1/2"]
[WhiteElo "1991"]
[BlackElo "1961"]

1.Nf3 d5 2.g3 c5 3.Bg2 Nc6 4.d4 cxd4 5.Nxd4 e5 6.Nxc6 bxc6 7.c4 Bb4+ 8.Bd2 Bxd2+
9.Nxd2 Nf6 10.O-O O-O 11.Rc1 Be6 12.Qc2 Rc8 13.Rfd1 Qb6 14.Nf3 Ne4 15.e3 f6
16.h3 Rfd8 17.Nd2 Nxd2 18.Rxd2 dxc4 19.Bf1 Rxd2 20.Qxd2 Rb8 21.Rc2 Qb4 22.Qxb4 Rxb4
23.a3 Ra4 24.h4 Kf8 25.Be2 Ke7 26.Kf1 Kd6 27.Ke1 Kc5 28.Kd2 Ra6 29.Rc3 Rb6
30.Kc1 Rb3 31.Rxb3 cxb3 32.Kd2 a5 33.Kc3 a4 34.Bd3 g6 35.Be2  1/2-1/2

[Event "1st El Haouaria GMA"]
[Site "El Haouaria TUN"]
[Date "2012.04.01"]
[Round "8"]
[White "Lazic,Mir"]
[Black "Zaibi,A"]
[Result "1/2-1/2"]
[WhiteElo "2452"]
[BlackElo "2174"]

1.g3 d5 2.Nf3 c6 3.Bg2 Bg4 4.O-O Nd7 5.d3 e5 6.e4 Ngf6 7.h3 Bxf3 8.Qxf3 Qc7
9.exd5 Nxd5 10.d4 Be7 11.Nc3 Nxc3 12.Qxc3 O-O 13.dxe5 Nxe5 14.Bf4 Bf6 15.Rfe1 Rfe8
16.Re4 Re7 17.Rae1 Rae8 18.g4 g6 19.g5 Bg7 20.h4 Qd6 21.b4 b6 22.a4 c5 23.bxc5 bxc5
24.Qg3 c4 25.Bf1 Qc5 26.Bc1 c3 27.Bb5 Nd7 28.Rxe7 Rxe7 29.Rxe7 Qxe7 30.Qe3 Qd6
31.Qd3 Bd4 32.Kf1 Nc5 33.Qf3 Qe6 34.Bf4 a6 35.Bc6 Qf5 36.Be3 Bxe3 37.Qxf5 gxf5
38.fxe3 f6 39.a5 Kf7 40.Kf2 fxg5 41.hxg5 Ke6 42.Kg3 Ke5 43.Kh4 f4 44.exf4+ Kxf4
45.Kh5 Nd3 46.Kh6 Ne1 47.Ba4 Nf3 48.Bb5 Nxg5 49.Bxa6 Nf7+ 50.Kxh7 Ke4 51.Kg6 Nd6
52.Bf1 Kd5 53.Kg5 Nc8 54.Kf6 Kd6 55.Kf7 Na7 56.Kf6 Nc6 57.a6 Na5  1/2-1/2

[Event "4NCL 2011-12"]
[Site "Hinkley ENG"]
[Date "2012.04.01"]
[Round "8.16"]
[White "Gourlay,I"]
[Black "Ward,C"]
[Result "1/2-1/2"]
[WhiteElo "2351"]
[BlackElo "2448"]

1.Nf3 d5 2.g3 c5 3.c4 d4 4.b4 cxb4 5.a3 f6 6.Bg2 e5 7.O-O Nc6 8.e3 dxe3 9.fxe3 Qd3
10.Bb2 Nh6 11.axb4 Bxb4 12.Nxe5 fxe5 13.Qh5+ Qg6 14.Bxc6+ bxc6 15.Qxe5+ Be7
16.Ba3 Qg5 17.Qc7 Bd7 18.Nc3 Rc8 19.Qb7 Ng4 20.Ne4 Qh5 21.h4 Qe5 22.Bxe7 Qxe4
23.Bd6 Qd3 24.Bb4 Qe2 25.Rf4 Qh2+ 26.Kf1 Ne5 27.Bc3 Bh3+ 28.Ke1 Nd3+ 29.Kd1 Nxf4
30.Rxa7 Qh1+ 31.Kc2 Qe4+ 32.Kb3 Qb1+ 33.Bb2 Qd3+ 34.Bc3 Qb1+ 35.Bb2 Qd3+
36.Bc3 Qb1+  1/2-1/2

[Event "European Senior Teams 2012"]
[Site "Rogaska Slatina SLO"]
[Date "2012.04.01"]
[Round "6.12"]
[White "Pitzl,K"]
[Black "Svensson,Soren"]
[Result "1-0"]
[WhiteElo "2093"]
[BlackElo "2062"]

1.Nf3 d5 2.g3 Nf6 3.Bg2 c5 4.O-O Nc6 5.d3 e5 6.c4 d4 7.e4 Bd6 8.h3 a6 9.a3 b5
10.Nbd2 h6 11.Nh4 Rb8 12.Nf5 O-O 13.Nxd6 Qxd6 14.f4 Rb6 15.f5 Bd7 16.g4 Na5
17.b3 Rfb8 18.h4 bxc4 19.Nxc4 Nxc4 20.bxc4 Rb3 21.g5 hxg5 22.hxg5 Ne8 23.Qf3 f6
24.g6 Kf8 25.Qh3 Ke7 26.Bd2 Rb2 27.Ba5 Ba4 28.Qh8 R2b3 29.Qg8 Kd7 30.Qf7+ Qe7
31.Rf3 Rb1+ 32.Rxb1 Rxb1+ 33.Bf1 Bc6 34.Rh3 Nd6 35.Qg8 Ne8 36.Rh8 Kd6 37.Qf7 Ra1
38.Rxe8  1-0

[Event "European Senior Teams 2012"]
[Site "Rogaska Slatina SLO"]
[Date "2012.04.01"]
[Round "6.20"]
[White "Murphy,George A A"]
[Black "Norman,D"]
[Result "1-0"]
[WhiteElo "1811"]
[BlackElo "1876"]

1.Nf3 d5 2.g3 Nf6 3.Bg2 c6 4.O-O Bf5 5.d3 e6 6.Nbd2 h6 7.Re1 Be7 8.b3 O-O
9.Bb2 a5 10.e4 Bh7 11.e5 Nfd7 12.Qe2 a4 13.Bc3 axb3 14.axb3 Rxa1 15.Rxa1 Na6
16.Nf1 c5 17.h4 Ndb8 18.Bd2 Nc6 19.c3 Re8 20.Ne3 Qb6 21.Ng4 Qxb3 22.Bxh6 Qxc3
23.Rd1 Bf5 24.Nfh2 Bxg4 25.Nxg4 Nd4 26.Qe3 Nf5 27.Qf4 Nxh6 28.Nxh6+ gxh6
29.Qg4+ Kh7 30.Bxd5 Qxe5 31.Bxb7 Nb4 32.Bg2 Rg8 33.Qf3 f5 34.Qb7 Rg7 35.Kf1 Bxh4
36.Qc8 Be7 37.Re1 Qc3 38.Qxe6 Qxd3+ 39.Kg1 Qc2 40.Bh3 Qd2 41.Bxf5+ Kh8 42.Ra1 Rxg3+
43.fxg3 Qd4+ 44.Kh2 Qxa1 45.Qxh6+ Kg8 46.Be6+  1-0

[Event "European Senior Teams 2012"]
[Site "Rogaska Slatina SLO"]
[Date "2012.04.01"]
[Round "6.1"]
[White "Karasev,Vl"]
[Black "Raicevic,M"]
[Result "1-0"]
[WhiteElo "2379"]
[BlackElo "2372"]

1.Nf3 d5 2.g3 Nf6 3.Bg2 c6 4.O-O g6 5.b3 Bg7 6.Bb2 O-O 7.c4 a5 8.Qc2 Na6
9.a3 Be6 10.d3 b5 11.Nbd2 Rc8 12.Ng5 Bd7 13.e4 h6 14.Ngf3 Nc5 15.Ne5 Be6
16.exd5 cxd5 17.cxb5 Bf5 18.Qb1 Nfd7 19.Nc6 Rxc6 20.bxc6 Ne5 21.Qa2 Ncxd3
22.Bxe5 Bxe5 23.Rad1 Qd6 24.Nf3 Bf6 25.Ne1 Nxe1 26.Rfxe1 Qxc6 27.Rxd5 Qc3
28.Rdd1 Be6 29.Re3 Qc7 30.Qb1 Kg7 31.b4 axb4 32.axb4 Qb6 33.b5 Bd4 34.Rxd4 Qxd4
35.b6 Rb8 36.b7 Qd7 37.h4 Bd5 38.Qb2+ Kh7 39.Bxd5 Qxd5 40.Rxe7 h5 41.Kh2 Qf3
42.Rc7 Qf5 43.Kg1 Qe6 44.Qc3 g5 45.Rc8 Rxb7 46.Rh8+  1-0

[Event "28th Budapest Spring Festival"]
[Site "Budapest HUN"]
[Date "2012.04.02"]
[Round "8.11"]
[White "Rodriguez Lopez,Ra"]
[Black "Egri,L2"]
[Result "1/2-1/2"]
[WhiteElo "2266"]
[BlackElo "2075"]

1.Nf3 d5 2.g3 Nf6 3.Bg2 c6 4.O-O Bg4 5.c4 e6 6.cxd5 exd5 7.d3 Nbd7 8.Nc3 Bd6
9.h3 Bh5 10.g4 Bg6 11.e4 O-O 12.Bg5 Qc7 13.exd5 Nxd5 14.Nxd5 cxd5 15.Nh4 Qa5
16.Nxg6 hxg6 17.Bd2 Qb5 18.Bc3 Ne5 19.a4 Qxd3 20.Qxd3 Nxd3 21.Bxd5 Nf4 22.Bxb7 Nxh3+
23.Kg2 Rab8 24.Be4 Nf4+ 25.Kf3 f5 26.gxf5 gxf5 27.Bb1 g5 28.Ba2+ Kh7 29.Rad1 Rbd8
30.Ba5 g4+ 31.Ke3 Ng2+ 32.Ke2 Nf4+ 33.Ke3  1/2-1/2

[Event "28th Budapest Spring Festival"]
[Site "Budapest HUN"]
[Date "2012.04.02"]
[Round "8.3"]
[White "Varga,Kl"]
[Black "Brustkern,J"]
[Result "1-0"]
[WhiteElo "2181"]
[BlackElo "2229"]

1.Nf3 d5 2.g3 Nc6 3.d4 Bf5 4.Bg2 Qd7 5.a3 O-O-O 6.b4 f6 7.Bb2 g5 8.Nbd2 Bh3
9.Bxh3 Qxh3 10.c4 dxc4 11.b5 Nb8 12.Nxc4 Qd7 13.Qa4 b6 14.Qxa7 Qxb5 15.Rc1 Nc6
16.Qa8+ Kd7 17.Qb7 Na5 18.Nxa5 Qxa5+ 19.Kf1 Rc8 20.Qc6+ Kd8 21.Ne5 fxe5 22.dxe5 Ra8
23.e6  1-0

[Event "European Senior Teams 2012"]
[Site "Rogaska Slatina SLO"]
[Date "2012.04.02"]
[Round "7.2"]
[White "Karasev,Vl"]
[Black "Vucenovic,D"]
[Result "1-0"]
[WhiteElo "2379"]
[BlackElo "2260"]

1.Nf3 d5 2.g3 c6 3.Bg2 Nf6 4.O-O Bf5 5.d3 Nbd7 6.Nh4 e6 7.Nxf5 exf5 8.Nd2 Be7
9.c4 Nb6 10.b3 O-O 11.Bb2 Re8 12.Nf3 Bf8 13.Qc2 g6 14.Rad1 Qe7 15.e3 Bg7
16.Rfe1 Rad8 17.a4 a6 18.Bc3 Rc8 19.Rc1 dxc4 20.bxc4 Nbd7 21.a5 Ng4 22.Bxg7 Kxg7
23.Qb2+ Qf6 24.Qxf6+ Ngxf6 25.Rb1 Rc7 26.Rec1 Ne5 27.Ne1 Ned7 28.Rb4 Nc5
29.Rcb1 Ree7 30.Bf1 Ne8 31.R4b2 Nd6 32.Nc2 Na4 33.Rb4 Nc5 34.f3 Ne6 35.d4 f4
36.c5 Nf5 37.gxf4 Nh4 38.Kf2 f6 39.Bh3 g5 40.Bxe6 Rxe6 41.Rxb7 Rxb7 42.Rxb7+ Kg6  1-0

[Event "Portisch at 75 Rapid"]
[Site "Budapest HUN"]
[Date "2012.04.03"]
[Round "2"]
[White "Csom,I"]
[Black "Portisch,L"]
[Result "1/2-1/2"]
[WhiteElo "2426"]
[BlackElo "2523"]

1.Nf3 d5 2.g3 Nf6 3.Bg2 c6 4.d3 Bg4 5.O-O e6 6.Qe1 Be7 7.e4 O-O 8.Nbd2 Bh5
9.b3 Na6 10.Bb2 Nb4 11.Qc1 a5 12.a3 Na6 13.Re1 Qb6 14.h3 Rac8 15.g4 Bg6 16.Ne5 Bc5
17.Re2 Nb8 18.Qe1 Nfd7 19.Ndf3 Nxe5 20.Nxe5 Bd4 21.Nxg6 hxg6 22.Bxd4 Qxd4
23.Rd1 Qb6 24.d4 dxe4 25.Rxe4 Nd7 26.Re3 Rfd8 27.c4 Nf6 28.Red3 Rd7 29.Qe3 Rcd8
30.a4 Qc7 31.Bf3 Rd6  1/2-1/2

[Event "IND-ISR Match 2012"]
[Site "New Delhi IND"]
[Date "2012.04.03"]
[Round "1.3"]
[White "Baron,Ta"]
[Black "Gopal,G"]
[Result "0-1"]
[WhiteElo "2497"]
[BlackElo "2572"]

1.Nf3 d5 2.g3 g6 3.Bg2 Bg7 4.d4 Nf6 5.O-O c6 6.c4 dxc4 7.a4 O-O 8.Na3 Be6
9.Re1 Na6 10.Ng5 Qc8 11.Bd2 Rd8 12.e3 Bg4 13.f3 Be6 14.Rc1 c5 15.Nxc4 Bxc4
16.Rxc4 h6 17.Nh3 Nd5 18.dxc5 Bxb2 19.Qb3 Bg7 20.e4 Ndc7 21.Be3 Ne6 22.Rec1 Nd4
23.Qd1 Nf5 24.Qe2 Nxe3 25.Qxe3 Nxc5 26.Rxc5 Qxc5 27.Rxc5 Bd4 28.Kf2 Bxe3+
29.Kxe3 Rac8 30.Rxc8 Rxc8 31.Bf1 Rc1 32.Bd3 Rc3 33.a5 Ra3 34.a6 bxa6 35.Nf4 a5
36.Nd5 Kf8 37.Kd4 a4 38.Nc3 Ra1 39.Bb1 a3 40.Ba2 Rh1 41.h4 h5 42.Ne2 Ra1
43.Nc3 e6 44.Bc4 Ke7 45.f4 Rg1 46.Ne2 Rb1 47.e5 Rb2 48.Kc3 a5 49.Nc1 Rf2
50.Ne2 Rf3+ 51.Kc2 Kd8 52.Kb1 Kc7 53.Ka2 Kb6 54.Bb3 Re3 55.Bd1 Kc5 56.Nc1 Rxg3
57.Nb3+ Kb4 58.Nd4 Rg2+ 59.Ka1 Rg1 60.Nc2+ Kc3 61.Ne3 Kd2  0-1

[Event "European Senior Teams 2012"]
[Site "Rogaska Slatina SLO"]
[Date "2012.04.03"]
[Round "8.11"]
[White "Isserman,R"]
[Black "Thornton,J"]
[Result "1-0"]
[WhiteElo "2309"]
[BlackElo "2036"]

1.Nf3 d5 2.g3 e6 3.d3 c5 4.Bg2 g6 5.O-O Bg7 6.c4 Ne7 7.Nc3 Nbc6 8.Bf4 O-O
9.cxd5 Nxd5 10.Nxd5 exd5 11.Rc1 b6 12.Qd2 Re8 13.Bh6 Bb7 14.Bxg7 Kxg7 15.d4 c4
16.Rfe1 Na5 17.h4 f6 18.Nh2 Qd7 19.Qf4 Rad8 20.Ng4 Qf7 21.h5 Re6 22.Rc3 f5
23.Qh6+ Kh8 24.Ne5 Qg7 25.Qg5 Rde8 26.hxg6 hxg6 27.f4 Kg8 28.g4 Qe7 29.Qh6 Qh7
30.Qxh7+ Kxh7 31.Rh3+ Kg7 32.gxf5 gxf5 33.Rg3+ Kf6 34.Rg6+ Ke7 35.Rg7+ Kd8
36.Rf7 Rg8 37.Rxf5 Nc6 38.Rg5 Rxg5 39.Nf7+ Kc7 40.Nxg5 Re7 41.Bxd5 Nxd4 42.Bxc4 Be4
43.Kf2 b5 44.e3 Nc2 45.Rc1 Bg6 46.Bb3  1-0

[Event "European Senior Teams 2012"]
[Site "Rogaska Slatina SLO"]
[Date "2012.04.03"]
[Round "8.1"]
[White "Haakert,J"]
[Black "Chernikov,O1"]
[Result "0-1"]
[WhiteElo "2394"]
[BlackElo "2415"]

1.g3 d5 2.Nf3 Nf6 3.Bg2 c6 4.b3 Bf5 5.Bb2 e6 6.O-O Be7 7.d3 O-O 8.Nbd2 h6
9.e3 a5 10.a4 Na6 11.Nd4 Bh7 12.e4 Nd7 13.e5 Qb6 14.Qe2 Nc7 15.N4f3 c5 16.Rfc1 Na6
17.Ne1 Nb4 18.Nb1 Nc6 19.Na3 Nd4 20.Bxd4 cxd4 21.Nb5 Nb8 22.Nf3 Nc6 23.c4 dxc3
24.Rxc3 Na7 25.Nxa7 Qxa7 26.Rac1 Qb6 27.Rc7 Bd8 28.R7c3 Qb4 29.d4 Bb6 30.Qb5 Qxb5
31.axb5 a4 32.b4 Be4 33.Rc5 Bxc5 34.dxc5 Bxf3 35.Bxf3 a3  0-1

[Event "Semana Santa LAB Open"]
[Site "Bogota COL"]
[Date "2012.04.04"]
[Round "2"]
[White "Ruge,E"]
[Black "Tautiva,C"]
[Result "0-1"]
[WhiteElo "2225"]
[BlackElo "2020"]

1.Nf3 d5 2.g3 Nf6 3.Bg2 Nbd7 4.O-O e5 5.d3 Bc5 6.Nc3 c6 7.e4 dxe4 8.dxe4 O-O
9.Nh4 Re8 10.Qf3 Nf8 11.h3 Ne6 12.Ne2 Nd4 13.Nxd4 exd4 14.Re1 Qa5 15.Re2 Nd7
16.Qb3 Ne5 17.g4 Be6 18.Qg3 Bc4 19.Bd2 Qb6 20.Ree1 Qxb2 21.Bf4 Ng6 22.Nxg6 hxg6
23.Rab1 Qxc2 24.Rec1 Qa4 25.Rxb7 Rad8 26.e5 d3 27.Bd2 Qxa2 28.Qf4 Bd4 29.Bxc6 Rxe5
30.Bd7 Bxf2+ 31.Kxf2 Re2+ 32.Kg1 Rxd2 33.Bc6 Rc2 34.Rd1 d2 35.Bf3  0-1

[Event "European Senior Teams 2012"]
[Site "Rogaska Slatina SLO"]
[Date "2012.04.04"]
[Round "9.21"]
[White "Theting,H"]
[Black "Andersson,Ka"]
[Result "1-0"]
[WhiteElo "1980"]
[BlackElo "2058"]

1.Nf3 d5 2.g3 Nf6 3.Bg2 c6 4.O-O Nbd7 5.d3 e5 6.Nbd2 Be7 7.e4 dxe4 8.dxe4 O-O
9.Qe2 Qc7 10.b3 Re8 11.Bb2 Bf8 12.a4 b6 13.Rfd1 a5 14.Nh4 Ba6 15.c4 Nc5 16.Qe3 Rad8
17.Ndf3 Ng4 18.Qg5 Bc8 19.Nf5 Rxd1+ 20.Rxd1 Nxf2 21.Bxe5 Nfxe4 22.Nh6+ Kh8
23.Bxc7 Nxg5 24.Nxg5 gxh6 25.Nxf7+ Kg7 26.Nd6 Bxd6 27.Rxd6 Re6 28.Rd8 Bb7
29.Rb8 Re7 30.Bxb6 Nxb3 31.Bf3 Nd2 32.Bd4+ Kg6 33.Bg4 Nxc4 34.Rf8 h5 35.Bf5+ Kh6
36.Rf6+ Kg7 37.Rxc6+ Ne5 38.Rc7 Kf6 39.Rxe7 Kxe7 40.Bxe5 Bc6 41.Bc2  1-0

[Event "European Senior Teams 2012"]
[Site "Rogaska Slatina SLO"]
[Date "2012.04.04"]
[Round "9.2"]
[White "Karasev,Vl"]
[Black "Fatalibekova,E"]
[Result "1/2-1/2"]
[WhiteElo "2379"]
[BlackElo "2276"]

1.Nf3 d5 2.g3 c5 3.Bg2 Nc6 4.d4 Nf6 5.O-O e6 6.c4 dxc4 7.Ne5 Nxe5 8.dxe5 Qxd1
9.Rxd1 Nd7 10.f4 Rb8 11.a4 b6 12.Bc6 Kd8 13.a5 b5 14.Nc3 a6 15.Be3 Kc7 16.Bxd7 Bxd7
17.Ne4 Bc6 18.Nd6 Bxd6 19.Rxd6 Rbd8 20.Bxc5 Rxd6 21.Bxd6+ Kb7 22.Kf2 Rd8
23.Ke3 f5 24.h3 h5 25.Rg1 g6 26.Kf2 Be4 27.Rc1 Rd7 28.Rc3 Rh7 29.Re3 Bd5
30.Ke1 Bg2 31.h4 Bd5 32.Rc3 Rd7 33.Kd2 Rh7 34.Ke3 Rd7 35.Kd4 Rh7 36.Kc5 Rh8
37.Rc1 Rc8+ 38.Kb4 Be4 39.Rd1 Bd5 40.Bc5 Rc7 41.Bb6 Rc6 42.Bc5 Rc8 43.Rd2 Rc7
44.Rc2 Be4 45.Rc1 Bd5 46.Rc3 Rc8 47.Bb6 Rc6 48.Rc1 Rc8 49.Kc3 Rc6 50.Ra1 Rc8
51.Rd1 Rc6 52.e4 fxe4 53.Rg1 e3 54.Bxe3 Rc7 55.g4 hxg4 56.Rxg4 Be4 57.Rg1 Rd7
58.Bd4 Kc6 59.Rd1 Rh7 60.Bf2 Rd7 61.Rxd7 Kxd7 62.Kd4 Bf5 63.Kc5 Kc7 64.Be1 Bg4
65.Bc3 Bf5 66.Bd2 Bg4 67.f5 Bxf5 68.Bh6 Bg4 69.Bf8 Bd1 70.Bd6+ Kb7  1/2-1/2

[Event "Semana Santa LAB Open"]
[Site "Bogota COL"]
[Date "2012.04.05"]
[Round "4"]
[White "Abril,M"]
[Black "Baquero,Yuri Paola"]
[Result "1-0"]
[WhiteElo "1976"]
[BlackElo "1757"]

1.Nf3 d5 2.g3 Nf6 3.Bg2 e6 4.c4 c6 5.O-O Nbd7 6.b3 Bd6 7.Bb2 b6 8.d3 e5 9.d4 e4
10.Ne5 Qc7 11.cxd5 cxd5 12.Nc3 a6 13.Rc1 Qb7 14.Na4 O-O 15.Qc2 Re8 16.Qc6 Qxc6
17.Rxc6 Bxe5 18.dxe5 Ng4 19.Rfc1 b5 20.Nc3 Ndxe5 21.Rc7 Be6 22.Nd1 Ng6 23.h3 Nh6
24.h4 Rec8 25.Ne3 Rxc7 26.Rxc7 b4 27.Nc2 a5 28.Nd4 Nf8 29.f3 exf3 30.Bxf3 Ra6
31.Kf2 Ng4+ 32.Ke1 Ne3 33.Nxe6 Nxe6 34.Rc8+ Nf8 35.Bd4 Nf5 36.Bc5 h6 37.Rxf8+ Kh7
38.Rxf7 Nxg3 39.Bd4 Rg6 40.Bxd5 Kh8 41.Rf8+ Kh7 42.Bg8+  1-0

[Event "Semana Santa LAB Open"]
[Site "Bogota COL"]
[Date "2012.04.05"]
[Round "4"]
[White "Montenegro Torres,C"]
[Black "Escobar Barona,J"]
[Result "1-0"]
[WhiteElo "2161"]
[BlackElo "1994"]

1.Nf3 d5 2.g3 Nf6 3.Bg2 c6 4.O-O Bg4 5.h3 Bh5 6.d3 Nbd7 7.g4 Bg6 8.Nh4 e5
9.e3 Qb6 10.a4 a5 11.Kh1 h6 12.Nxg6 fxg6 13.f4 Be7 14.Nc3 O-O-O 15.d4 e4
16.Na2 g5 17.b3 g6 18.c4 h5 19.fxg5 Ng8 20.h4 hxg4 21.Qxg4 Qxb3 22.cxd5 cxd5
23.Bd2 b6 24.Rfc1+ Kb7 25.Qg3 Rc8 26.Rxc8 Kxc8 27.Rc1+ Kd8 28.Nc3 Ba3 29.Rf1 Ne7
30.Bh3 Bb4 31.Qg4 Nf5 32.Rxf5 Rxh4 33.Qxh4 gxf5 34.g6+  1-0

[Event "Pobeskydi IM 2012"]
[Site "Frydek Mistek CZE"]
[Date "2012.04.05"]
[Round "5"]
[White "Dmitrenko,V"]
[Black "Bartos,J"]
[Result "1-0"]
[WhiteElo "2361"]
[BlackElo "2213"]

1.Nf3 d5 2.g3 Nf6 3.Bg2 g6 4.c4 Bg7 5.cxd5 Nxd5 6.Nc3 Nb6 7.h4 h6 8.O-O Nc6
9.d3 Nd4 10.Nxd4 Bxd4 11.Ne4 c6 12.Rb1 Be6 13.b3 Bd5 14.Qc2 Bg7 15.Bb2 O-O
16.Bxg7 Kxg7 17.b4 Nc8 18.a4 a6 19.h5 g5 20.f4 f6 21.Qc3 Kh7 22.Bh3 Nd6 23.Nc5 g4
24.Bg2 Nf5 25.e4 Nxg3 26.Qe1 Nxf1 27.exd5 cxd5 28.Ne6 Qb6+ 29.Kxf1 Rfc8 30.Bxd5 Rc2
31.Qe4+ Kh8 32.d4  1-0

[Event "Pobeskydi GM 2012"]
[Site "Frydek Mistek CZE"]
[Date "2012.04.05"]
[Round "5"]
[White "Ivanov,MM"]
[Black "Rojicek,V"]
[Result "1/2-1/2"]
[WhiteElo "2401"]
[BlackElo "2406"]

1.Nf3 d5 2.g3 c6 3.Bg2 Bg4 4.h3 Bh5 5.d3 Nd7 6.c4 e6 7.O-O Bd6 8.Nc3 Ne7
9.cxd5 exd5 10.e4 O-O 11.g4 Bg6 12.Nd4 Be5 13.Nb3 dxe4 14.dxe4 f6 15.Be3 Bf7
16.f4 Bc7 17.Qe2 Nb6 18.Na5 Qb8 19.b3 Ng6 20.Qf2 Rd8 21.Ne2 Bd6 22.a3 Qc7
23.Rfc1 Be7 24.b4 Rd3 25.Nd4 Bd6 26.Nb5 Qd7 27.Nxd6 Rxd6 28.Bf3 Rd8 29.Rd1 Qc7
30.Rxd6 Rxd6 31.Rd1 Rxd1+ 32.Bxd1 Nc8 33.Qd2 b6 34.Nb3 Nd6 35.Qd3 Nc4 36.Bc1 c5
37.bxc5 bxc5 38.Be2 Nb6 39.Na5 c4 40.Qd4 h6 41.e5 fxe5 42.fxe5 Qxe5 43.Kf2 Bd5
44.Qxe5 Nxe5 45.Ke3 g5 46.Kd4 Nd3 47.Be3 Kf7 48.Kc3 Ne5 49.Bxb6 axb6 50.Nxc4 Kf6
51.Nxb6 Bg2 52.a4 Bxh3 53.Nd5+ Ke6 54.Ne3 h5 55.gxh5 g4 56.h6 Kf6 57.h7 Kg7
58.Kd4 Nf3+ 59.Kc3 Kxh7 60.a5 Ne5 61.a6 g3 62.a7 g2 63.Nxg2 Bxg2 64.Bb5 Kg7
65.Kd4 Nc6+  1/2-1/2

[Event "39th La Roda Open"]
[Site "La Roda ESP"]
[Date "2012.04.05"]
[Round "2"]
[White "Cerrajeria Ruiz,J"]
[Black "Perez Mitjans,O"]
[Result "0-1"]
[WhiteElo "2141"]
[BlackElo "2482"]

1.g3 d5 2.Nf3 c5 3.c4 d4 4.b4 a5 5.bxc5 Nc6 6.d3 e5 7.Ba3 f5 8.Nbd2 Qe7 9.e3 Nf6
10.Bg2 dxe3 11.fxe3 g6 12.Qe2 Bh6 13.h3 Nh5 14.Nf1 O-O 15.d4 exd4 16.exd4 Qd8
17.Qd3 Re8+ 18.Kf2 Re4 19.Re1 Rxe1 20.Kxe1 Bd7 21.Kf2 Qc7 22.Ne5 Nxe5 23.dxe5 Bc6
24.Qd6 Rc8 25.Bd5+ Kh8 26.g4 Nf4 27.gxf5 Nd3+ 28.Kg2 Nxe5 29.Ne3 Qxd6 30.cxd6 Bxe3
31.Bxc6 Nxc6 32.Re1 Bg5 33.d7 Rd8 34.Bb2+ Kg8 35.Re8+ Kf7 36.fxg6+ hxg6 37.Rxd8 Bxd8  0-1

[Event "Semana Santa LAB Open"]
[Site "Bogota COL"]
[Date "2012.04.06"]
[Round "5"]
[White "Ruiz,Al"]
[Black "Fandino Reyes,R"]
[Result "1/2-1/2"]
[WhiteElo "2233"]
[BlackElo "2076"]

1.Nf3 d5 2.g3 c5 3.Bg2 Nc6 4.d4 e6 5.O-O Nf6 6.c4 dxc4 7.Qa4 Qa5 8.Qxc4 Be7
9.Nc3 O-O 10.dxc5 Qxc5 11.Qxc5 Bxc5 12.Bg5 Nd5 13.Nxd5 exd5 14.Rac1 Bb6 15.Rfd1 Be6
16.Bf4 f6 17.Bd6 Rfd8 18.Bc5 Bxc5 19.Rxc5 Rac8 20.e3 Kf8 21.a3 Ne7 22.Nd4 Bf7
23.Rdc1 Rxc5 24.Rxc5 Rc8 25.Rxc8+ Nxc8 26.Kf1 Nd6 27.b3 Ke7 28.Ke2 a6 29.f3 g6
30.Bh3 f5 31.Kd3  1/2-1/2

[Event "O2C Doeberl Cup Premier 2012"]
[Site "Canberra AUS"]
[Date "2012.04.06"]
[Round "4.5"]
[White "Czebe,A"]
[Black "Lane,G"]
[Result "1/2-1/2"]
[WhiteElo "2477"]
[BlackElo "2368"]

1.Nf3 d5 2.g3 Nf6 3.Bg2 Nbd7 4.d4 e6 5.O-O Bd6 6.c4 c6 7.Nc3 O-O 8.c5 Bc7
9.b4 e5 10.Bb2 exd4 11.Qxd4 Re8 12.Rad1 Ne5 13.Rfe1 Bg4 14.h3 Bxf3 15.exf3 Nc4
16.Ba1 Be5 17.Qd3 a5 18.b5 Nd7 19.bxc6 bxc6 20.f4 Nxc5 21.Qc2 Bxc3 22.Rxe8+ Qxe8
23.Qxc3 Qf8 24.Bf1 Na4 25.Qc2 Nab6 26.Bd3 h6 27.Qe2 Re8 28.Qg4 Nd6 29.Bd4 Nbc4
30.Rc1 f5 31.Qd1 Qf7 32.Kg2 Nb5 33.Ba1 Nbd6 34.Qa4 c5 35.Qc6 Rc8 36.Qa6 Qd7
37.Re1 Qc6 38.Qxc6 Rxc6 39.Be5 Nb6 40.Bc2 c4 41.Ba1 Ne4 42.Bd4 g6 43.Bd1 Kf7
44.Re2 Nc5 45.Rb2 Nc8 46.Bc3 Nb6 47.Bd4  1/2-1/2

[Event "O2C Doeberl Cup Premier 2012"]
[Site "Canberra AUS"]
[Date "2012.04.06"]
[Round "4.13"]
[White "Bjelobrk,I"]
[Black "Smirnov,Ant"]
[Result "1-0"]
[WhiteElo "2326"]
[BlackElo "2151"]

1.Nf3 d5 2.g3 Nf6 3.Bg2 c6 4.c4 Bg4 5.Ne5 Bh5 6.cxd5 cxd5 7.Nc3 Nbd7 8.Qa4 e6
9.g4 Bg6 10.h4 a6 11.Nxd7 Qxd7 12.Qxd7+ Nxd7 13.h5 Bc2 14.d4 h6 15.Bf4 Rc8
16.Rc1 Bh7 17.O-O Nb6 18.e4 dxe4 19.Nxe4 Be7 20.Nc3 Rc4 21.Rfd1 O-O 22.Bxb7 a5
23.a3 Bf6 24.Be3 Rb8 25.Ba6 Rc6 26.Bb5 Rcc8 27.Bf4 Ra8 28.a4 g5 29.hxg6 Bxg6
30.Bxh6 Nc4 31.Bxc4 Rxc4 32.Ne4  1-0